Dynamic smaller towns (Record no. 104344)
[ view plain ]
| 000 -LEADER | |
|---|---|
| fixed length control field | 01451cam a2200229 4500 |
| 001 - CONTROL NUMBER | |
| control field | L130090 |
| 008 - FIXED-LENGTH DATA ELEMENTS--GENERAL INFORMATION | |
| fixed length control field | 050621n2005 000 0 eng u |
| 035 ## - SYSTEM CONTROL NUMBER | |
| System control number | (Sirsi) u130090 |
| 041 ## - LANGUAGE CODE | |
| Language code of text/sound track or separate title | eng |
| 110 ## - MAIN ENTRY--CORPORATE NAME | |
| Corporate name or jurisdiction name as entry element | National Assembly for Wales |
| 9 (RLIN) | 4735 |
| 245 ## - TITLE STATEMENT | |
| Title | Dynamic smaller towns |
| Remainder of title | identification of critical success factors: final report |
| Medium | [electronic resource] |
| 260 ## - PUBLICATION, DISTRIBUTION, ETC. | |
| Date of publication, distribution, etc. | 2005 |
| 300 ## - PHYSICAL DESCRIPTION | |
| Extent | 97p. |
| 520 ## - SUMMARY, ETC. | |
| Summary, etc. | Final report of the National Assembly for Wales research project on smaller towns. The objective was to identify those factors that have played a causal role in the success of prospering smaller towns and helped to spread economic opportunities to their surrounding communities and to assess the scope for policies to replicate that success elsewhere. Contains: a literature review on success factors; summary of the research approach and method; findings of secondary data analysis; an analysis of 24 case study small towns together with a qualitative analysis of the case study towns and rural areas; and conclusions. References. |
| 590 ## - LOCAL NOTE (RLIN) | |
| Local note | IKA040705 |
| 651 #4 - SUBJECT ADDED ENTRY--GEOGRAPHIC NAME | |
| Geographic name | Wales |
| Chronological subdivision | 1998-2007 |
| 690 ## - LOCAL SUBJECT ADDED ENTRY--TOPICAL TERM (OCLC, RLIN) | |
| Topical term or geographic name as entry element | ENVIRONMENTAL AND LAND CONSULTANCY-PLANNING AND DEVELOPMENT |
| 710 ## - ADDED ENTRY--CORPORATE NAME | |
| Corporate name or jurisdiction name as entry element | University of the West of England |
| 9 (RLIN) | 3479 |
| 710 ## - ADDED ENTRY--CORPORATE NAME | |
| Corporate name or jurisdiction name as entry element | Roger Tym and Partners |
| 9 (RLIN) | 2268 |
| 856 ## - ELECTRONIC LOCATION AND ACCESS | |
| Uniform Resource Identifier | <a href="https://wales.gov.uk/about/aboutresearch/econoresearch/completed/smalltowns/?lang=en">https://wales.gov.uk/about/aboutresearch/econoresearch/completed/smalltowns/?lang=en</a> |
| Public note | View the report free of charge at www.wales.gov.uk... |
| 942 ## - ADDED ENTRY ELEMENTS (KOHA) | |
| Suppress in OPAC | 0 |
| Withdrawn status | Lost status | Source of classification or shelving scheme | Damaged status | Not for loan | Home library | Current library | Shelving location | Date acquired | Total Checkouts | Full call number | Barcode | Date last seen | Copy number | Price effective from | Koha item type |
|---|---|---|---|---|---|---|---|---|---|---|---|---|---|---|---|
| Dewey Decimal Classification | Virtual | Virtual | Online | 21/06/2005 | ONLINE PUBLICATION | 130090-2001 | 06/08/2019 | 1 | 06/08/2019 | Book |